Normal view
MARC view
- PRC
Entry Personal Name
001 - CONTROL NUMBER
- control field: 125223
003 - CONTROL NUMBER IDENTIFIER
- control field: NUST
005 - DATE AND TIME OF LATEST TRANSACTION
- control field: 20240820094804.0
008 - FIXED-LENGTH DATA ELEMENTS
- fixed length control field: 240820|| aca||aabn | a|a d
040 ## - CATALOGING SOURCE
- Original cataloging agency: NUST
- Transcribing agency: NUST
100 ## - HEADING--PERSONAL NAME
- Personal name: PRC
670 ## - SOURCE DATA FOUND
- Source citation: Work cat.: (NUST): PRC, PRC/VRC-9600 VHF/FM Frequency Hopping Radio family Quick Reference manual , 2002.
